| 000 | 00593nam a2200241Ia 4500 | ||
|---|---|---|---|
| 001 | 120696 | ||
| 003 | YMCAF | ||
| 005 | 20230512163830.0 | ||
| 008 | 210825s2009 ||||||||||||||||| ||und|d | ||
| 024 | _a120696 | ||
| 035 | _aG821 | ||
| 040 |
_aYMCAF _beng _cIN-KoLT |
||
| 041 | _aeng | ||
| 082 |
_a004.1 _bBHA |
||
| 100 | _aBhardwaj, Hanu | ||
| 245 | 0 | _aFundamentals of computers and programming in C | |
| 260 |
_aDelhi _bmanav Rachna publishing house _c2009 |
||
| 300 | _a276 p. | ||
| 653 | _aComputer | ||
| 700 | _aLakra, Sachin | ||
| 700 | _aSharma, Deepak kumar | ||
| 942 |
_2ddc _cBK |
||
| 999 |
_c17267 _d17267 |
||